| 000 | 00801nam a22002297a 4500 | ||
|---|---|---|---|
| 005 | 20121214141659.0 | ||
| 008 | 121214t xxu||||| |||| 00| 0 eng d | ||
| 010 | _aENG-106445 | ||
| 020 |
_a9788178359120 _c750.00 |
||
| 035 | _aEN-89978 | ||
| 037 | _bDBAD/PUB | ||
| 040 |
_aDPL _bEng |
||
| 082 | _a954.035 | ||
| 100 |
_aDutta, Soma _954337 |
||
| 245 |
_aEnglish newspapers on Indian independence / _cby Soma Dutta |
||
| 260 |
_aDelhi _bKalpaz Publications _c2012 |
||
| 270 |
_aC-30, Satyawati Nagar _bDelhi _e110052 |
||
| 300 |
_a392p. : _c22cm(Hb) _bb&w photos |
||
| 500 | _aIncludes index | ||
| 942 |
_2ddc _cEN _h954.035 _mDUT |
||
| 999 |
_c72180 _d72180 |
||